| 000 | 00545nam a2200181Ia 4500 | ||
|---|---|---|---|
| 999 |
_c39600 _d39600 |
||
| 003 | GCL | ||
| 005 | 20240530103447.0 | ||
| 008 | 140319s9999 xx 000 0 ara d | ||
| 040 |
_aGCL / _cGCL |
||
| 082 | 0 | 4 |
_a152.3 _bع س |
| 100 | 1 | _aعبدالرحمن العيسوى | |
| 245 | 1 | 0 |
_aسيكولوجية النمو : _bدراسة فى نمو الطفل والمراهق / _cعبدالرحمن العيسوى |
| 300 | _a242 ص | ||
| 650 | 0 | 4 | _aالمراهقة |
| 650 | 0 | 4 | _aالاطفال - نمو |
| 650 | 0 | 4 | _aالنمو |
| 942 |
_2ddc _cBK |
||